GARMIN - STORMSCOPE E TRAFFIC - Statistics

Estatísticas Gerais
  • Esse quiz foi jogado 13 vezes
  • A pontuação média é 7 de 26
Estatísticas das Respostas
Hint Resposta % Correto
Tempo máximo para descarga na tela 180s
100%
Modos de visão (qntd) 2
50%
Alcance máximo do zoom 200NM
50%
NORMAL -2700 a 2700
50%
ABOVE -2700 a 9900
50%
BELOW -9900 a 2700
50%
UNRESTRICTED -9900 a 9900
50%
Com seta direcional
50%
Sem seta nao direcional
50%
Preenchido branco próximo
50%
Meio símbolo selecionado
50%
Marrom solo
50%
Duração dos vetores 0 a 5 min
0%
Seta ao lado do símbolo 500 ft/min
0%
Indic do solo vão aparecer entre 5 NM e 1500 ft
0%
Strike Rate 60s
0%
Amarelo alerta
0%
Alerta do tipo CAUTION
0%
Modo grupos de atividade elétrica cell
0%
Absolute (Motion Vectors) ciano ou branco
0%
Reseta a detecção Clear Strikes
0%
Meio preenchido fora de escala
0%
Orientação do mapa do traffic heading ou tracking
0%
Preto Indicação normal
0%
Modo pontos de descarga (raios) strikes
0%
Relative verde
0%
Nenhum quiz correspondente encontrado
Distribuição das Pontuações
Porcentagem de Pessoas com Cada Pontuação
Percentil de Números Respondidos
Sua Pontuação Histórica
Você não jogou esse quiz